000
00281nam a2200121Ia 4500
100
_a
Schrader Bellows
942
_c
RB
654
_a
Product Manual
245
_a
Product Manual For Fluid Power Product
260
_b
Schrader Duncan Ltd.
_a
Bombay
546
_a
ENGLISH
999
_c
18084
_d
18084